000 00748nas a2200241 i 4500
001 180912
003 ES-MaACL
005 20250718080425.0
008 120828m19821991sp a| | ||pa d
022 _a0211-9951
080 _a347.736(460)(083.4)
245 0 0 _aEstadística de suspensiones de pagos y declaraciones de quiebras /
_cInstituto Nacional de Estadística.
260 _aMadrid :
_bI.N.E.,
_c1982- 1991.
300 _a1 v. ;
_c28 cm.
310 _aAnual
362 0 _a1981-1990.
650 4 _aSuspensión de pagos-
_zEspaña.
_9145980
650 7 _aQuiebra-
_zEspaña
_2
_9145981
710 2 _aInstituto Nacional de Estadística (España)
_95162
852 _aES-MaACL
_j2124-F-4
866 0 _o1981.
999 _c180912
_d180912